[Event "9th Amplico Life Rapid"]
[Site "Warsaw POL"]
[Date "2009.12.20"]
[Round "12"]
[White "Malakhov,V"]
[Black "Movsesian,S"]
[Result "1/2-1/2"]
[WhiteElo "2706"]
[BlackElo "2718"]

1.d4 Nf6 2.c4 e6 3.Nc3 Bb4 4.Qc2 d5 5.cxd5 exd5 6.Bg5 h6 7.Bh4 Nbd7 8.a3 Be7
9.Nf3 c6 10.e3 O-O 11.Bd3 Re8 12.O-O Ne4 13.Bxe4 Bxh4 14.Bd3 Bf6 15.b4 a6
16.Na4 Nf8 17.Bf5 Bxf5 18.Qxf5 Qd6 19.Nc5 Re7 20.a4 Ne6 21.Rab1 a5 22.Nd3 axb4
23.Rxb4 Ra7 24.Rfb1 Rc7 25.Nfe5 Bxe5 26.Nxe5 Nf8 27.h4 Qd8 28.h5 Qa8 29.Qc2 Qe8
30.Qc5 Qa8 31.Qd6 Qc8 32.Qc5 Qa8 33.Qd6 Qc8 34.Qc5  1/2-1/2

[Event "9th Amplico Life Rapid"]
[Site "Warsaw POL"]
[Date "2009.12.20"]
[Round "13"]
[White "Shirov,A"]
[Black "Malakhov,V"]
[Result "0-1"]
[WhiteElo "2719"]
[BlackElo "2706"]

1.e4 e5 2.Nf3 Nc6 3.Bb5 Nf6 4.O-O Nxe4 5.d4 Be7 6.Qe2 Nd6 7.Bxc6 bxc6 8.dxe5 Nb7
9.Nc3 O-O 10.Bf4 Nc5 11.Rfe1 Ne6 12.Bg3 f5 13.exf6 Bxf6 14.Qc4 Bxc3 15.Qxc3 Qf6
16.Qb3 d6 17.Re3 Bd7 18.c3 Qf7 19.Rae1 Rfe8 20.Qa3 h6 21.h3 a5 22.Nd2 a4
23.Ne4 Rf8 24.Rf3 Qg6 25.Rxf8+ Nxf8 26.b4 Be6 27.Qb2 Bd5 28.Qe2 a3 29.Kh2 Qf7
30.Nd2 Bxa2 31.c4 d5 32.c5 d4 33.Qd3 Bd5 34.Qxd4 a2 35.f3 Ng6 36.Ne4 Bxe4
37.fxe4 Qf6 38.e5 Qe6 39.Ra1 Ne7 40.Qe4 Kh8 41.b5 Qd5 42.Qb4 cxb5 43.Qxb5 Nf5
44.Qb2 c6 45.Qb7 Re8 46.Qb2 Nxg3 47.Kxg3 Rxe5 48.Rxa2 Rg5+ 49.Kh2 Qxc5 50.Qb8+ Kh7
51.Ra8 Qe5+ 52.Qxe5 Rxe5 53.Kg3 g5 54.Rd8 Re6 55.Kf3 Kg6 56.g4 Kf6 57.Rf8+ Ke7
58.Ra8 c5 59.Ra1 Kd6 60.Rd1+ Kc6 61.Rc1 Kb5 62.Rb1+ Ka4 63.Rc1 Kb4 64.Rb1+ Ka3
65.Rc1 Re5 66.Ra1+ Kb4 67.Rb1+ Ka5 68.Rc1 Kb5 69.Rb1+ Kc6 70.Rc1 Re6 71.Rc2 Kb5
72.Rb2+ Ka4 73.h4 gxh4 74.Rh2 c4 75.Rxh4 Kb3  0-1

[Event "STG Matches"]
[Site "Warsaw POL"]
[Date "2010.05.27"]
[Round "3"]
[White "Malakhov,V"]
[Black "Bartel,Mat"]
[Result "1/2-1/2"]
[WhiteElo "2722"]
[BlackElo "2609"]

1.c4 Nf6 2.Nc3 d5 3.cxd5 Nxd5 4.g3 g6 5.Bg2 Nb6 6.Nf3 Bg7 7.O-O O-O 8.d4 Nc6
9.e3 a5 10.b3 Bg4 11.h3 Bd7 12.Bb2 Qc8 13.Kh2 Rd8 14.Rc1 Be8 15.Nd2 e5 16.d5 Nb4
17.Nc4 Nxc4 18.bxc4 e4 19.Ba1 f5 20.f3 exf3 21.Qxf3 Bd7 22.e4 Rf8 23.a3 fxe4
24.Qxe4 Bf5 25.Qe2 Nd3 26.Rcd1 Re8 27.Qd2 Nc5 28.d6 cxd6 29.Qxd6 Ra6 30.Qf4 Nd3
31.Qf3 Ne5 32.Qf4 Nd3 33.Qf3 Ne5 34.Qf4 Nd3  1/2-1/2

[Event "STG Matches"]
[Site "Warsaw POL"]
[Date "2010.05.28"]
[Round "4"]
[White "Bartel,Mat"]
[Black "Malakhov,V"]
[Result "0-1"]
[WhiteElo "2609"]
[BlackElo "2722"]

1.e4 e5 2.Nf3 Nc6 3.Bb5 Nf6 4.Qe2 Bd6 5.c3 O-O 6.d3 Re8 7.Nbd2 Bf8 8.Nf1 d6
9.h3 Nd7 10.Be3 Nb6 11.Ng3 a6 12.Bxc6 bxc6 13.O-O a5 14.Nh2 Qh4 15.c4 Na4
16.Nf3 Qd8 17.Rfe1 c5 18.Nh2 g6 19.b3 Nb6 20.f4 exf4 21.Bxf4 Bg7 22.Rab1 Be6
23.Nf3 Nd7 24.Qd2 Ne5 25.Nxe5 dxe5 26.Be3 Qd6 27.Qf2 Qxd3 28.Rbd1 Qc3 29.Bxc5 Rad8
30.Rc1 Qd3 31.Nf1 a4 32.b4 Bh6 33.Be3 Bf8 34.Bc5 Bxc4 35.Bxf8 Rxf8 36.Ne3 Be6
37.Rxc7 Qxe4 38.Nc4 Qd4 39.Nxe5 Qxf2+ 40.Kxf2 Rd2+ 41.Re2 Rxe2+ 42.Kxe2 Bxa2
43.Kd3 a3 44.Ra7 Rd8+ 45.Kc3 Bd5 46.Rxa3 Bxg2 47.Kc4 h5 48.Re3 g5 49.b5 f6
50.Nf3 Bxh3 51.b6 Bg2 52.Kc5 h4 53.b7 Rb8 54.Kb6 h3 55.Kc7 Rxb7+  0-1

[Event "TCh-CHN"]
[Site "Shenzhan CHN"]
[Date "2010.06.08"]
[Round "5"]
[White "Malakhov,V"]
[Black "Ma Qun"]
[Result "1-0"]
[WhiteElo "2721"]
[BlackElo "2369"]

1.e4 c5 2.Nf3 d6 3.c3 Nf6 4.Be2 Bg4 5.O-O e6 6.h3 Bh5 7.Re1 Nc6 8.Bb5 Qb6
9.Ba4 Be7 10.d3 O-O 11.Nbd2 Rad8 12.g4 Bg6 13.Nh4 Ne5 14.Nc4 Nxc4 15.dxc4 Qc7
16.Qe2 Nd7 17.Nxg6 fxg6 18.g5 e5 19.Qg4 Rf7 20.Bxd7 Qxd7 21.Qxd7 Rxd7 22.Be3 h6
23.h4 hxg5 24.hxg5 Rf8 25.Kg2 Kf7 26.Rad1 Rc7 27.f4 Ke6 28.Kg3 Rcc8 29.Kg4 Rf7
30.Rf1 Rcf8 31.Rf2 a6 32.a4 a5 33.Rd5 b6 34.b3 Bd8 35.f5+ gxf5+ 36.exf5+ Rxf5
37.Rxf5 Rxf5 38.Rxd6+ Kxd6 39.Kxf5 Ke7 40.g6 Kd7 41.Bd2 e4 42.Kxe4 Ke6 43.Be1 Bf6
44.b4 Be5 45.bxa5 bxa5 46.Bf2 Bd6 47.Bh4 Bc7 48.Bg5 Bb6 49.Be3 Ba7 50.Bf4 Kf6
51.Bc7 Kxg6 52.Bxa5 Kf7 53.Kd5 Ke7 54.Kc6 Bb8 55.Bb6 Ke6 56.a5  1-0

[Event "TCh-CHN"]
[Site "Shenzhan CHN"]
[Date "2010.06.09"]
[Round "6"]
[White "Ni Hua"]
[Black "Malakhov,V"]
[Result "1/2-1/2"]
[WhiteElo "2667"]
[BlackElo "2721"]

1.d4 d5 2.c4 c6 3.Nf3 Nf6 4.Nc3 a6 5.e3 b5 6.b3 Bg4 7.h3 Bxf3 8.Qxf3 e5 9.dxe5 Bb4
10.Bd2 Bxc3 11.Bxc3 Ne4 12.Bb4 bxc4 13.Qg4 c5 14.f3 cxb4 15.fxe4 O-O 16.exd5 cxb3
17.Qd4 Nd7 18.axb3 Qg5 19.Qf4 Qg6 20.Rd1 Rae8 21.Bd3 Qb6 22.O-O Rxe5 23.d6 g6
24.Bc4 Qxe3+ 25.Qxe3 Rxe3 26.Bxa6 Rxb3 27.Bb5 Nc5 28.d7 Rd8 29.Rfe1 Ne6 30.Bc4 Rc3
31.Bxe6 fxe6 32.Rxe6 Kf7 33.Rb6 Rc7 34.Rxb4 Rcxd7  1/2-1/2

[Event "4th Ruy Lopez Masters"]
[Site "Villafranca ESP"]
[Date "2010.06.14"]
[Round "3"]
[White "Malakhov,V"]
[Black "Caruana,F"]
[Result "0-1"]
[WhiteElo "2722"]
[BlackElo "2675"]

1.c4 e5 2.Nc3 Nf6 3.Nf3 Nc6 4.g3 Nd4 5.Bg2 Nxf3+ 6.Bxf3 Bb4 7.O-O O-O 8.Bg2 Re8
9.d3 c6 10.Bd2 h6 11.Rc1 a6 12.Qb3 Bc5 13.Na4 Ba7 14.c5 d5 15.cxd6 Qxd6 16.Bb4 Qc7
17.Nc5 Bg4 18.Rfe1 Nd7 19.Ne4 Be6 20.Qa3 a5 21.Bd2 Red8 22.b3 Bb6 23.Rc2 Bd5
24.Bh3 Bxe4 25.dxe4 Nc5 26.Bg2 Ne6 27.Qb2 a4 28.e3 Nc5 29.Rb1 axb3 30.axb3 Nd3
31.Qc3 Ba5 32.Qc4 b5 33.Bxa5 Qxa5 34.Qc3 Qxc3 35.Rxc3 Nb4 36.Rc5 Rd2 37.Rf1 f6
38.h4 Raa2 39.g4 Rxf2  0-1

[Event "4th Ruy Lopez Masters"]
[Site "Villafranca ESP"]
[Date "2010.06.15"]
[Round "4"]
[White "Perez Candelario,Man"]
[Black "Malakhov,V"]
[Result "0-1"]
[WhiteElo "2527"]
[BlackElo "2722"]

1.e4 c5 2.Nf3 d6 3.d4 cxd4 4.Nxd4 Nf6 5.Nc3 Nc6 6.Bg5 e6 7.Qd2 a6 8.O-O-O Be7
9.f3 Nxd4 10.Qxd4 b5 11.h4 Bb7 12.Kb1 O-O 13.Qd2 Rc8 14.Bd3 Nd7 15.Bxe7 Qxe7
16.Qg5 f6 17.Qd2 Ne5 18.h5 h6 19.Rhe1 Rfd8 20.Qe3 Qe8 21.g4 b4 22.Ne2 d5
23.Nd4 dxe4 24.Bxe4 Nc4 25.Qe2 Bxe4 26.Qxe4 e5 27.Nb3 a5 28.Qe2 Qc6 29.Rxd8+ Rxd8
30.Rd1 Rxd1+ 31.Qxd1 a4 32.Nc1 Qxf3 33.Qd8+ Kh7 34.Qd3+ Qxd3 35.Nxd3 Ne3
36.Nxb4 Nxg4 37.b3 a3 38.c4 Kg8 39.Kc2 Kf7 40.Kd3 f5 41.Nc2 Nf6 42.Nxa3 Nxh5
43.Nb5 Nf4+ 44.Ke3 h5 45.a4 h4 46.Kf2 g5 47.a5 g4 48.a6 g3+ 49.Kg1 h3 50.Nc3 h2+
51.Kh1 Nd3 52.Nd1 Nf2+  0-1

[Event "4th Ruy Lopez Masters"]
[Site "Villafranca ESP"]
[Date "2010.06.17"]
[Round "6"]
[White "Salgado Lopez,I"]
[Black "Malakhov,V"]
[Result "1/2-1/2"]
[WhiteElo "2606"]
[BlackElo "2722"]

1.d4 d5 2.c4 c6 3.Nf3 Nf6 4.Nc3 a6 5.cxd5 cxd5 6.Bf4 Nc6 7.Rc1 e6 8.e3 Be7
9.Bd3 O-O 10.Ne5 Nxe5 11.dxe5 Nd7 12.O-O Nc5 13.Bb1 Qb6 14.Qd4 Rd8 15.h4 Bxh4
16.e4 Nd7 17.Qd3 d4 18.Na4 Qa5 19.b3 Nxe5 20.Bxe5 Qxe5 21.Rc5 Qf4 22.g3 Qg4
23.e5 g6 24.Nb6 Rb8 25.Rc7 Re8 26.Rc4 Rd8 27.Rc7 Bg5 28.Qc4 h5 29.Nxc8 h4
30.Nd6 hxg3 31.f4 g2 32.Rf2 Bxf4 33.Rxf4 Qxf4 34.Nxf7 Rf8 35.Bxg6 Qe3+ 36.Kxg2 Qd2+
37.Kh3 Qe3+ 38.Kg4 Qg1+ 39.Kh5 Qh2+ 40.Kg5 Qd2+ 41.Kh5 Qh2+ 42.Kg5 Qd2+ 43.Kh5  1/2-1/2

[Event "TCh-CHN"]
[Site "Shanghai CHN"]
[Date "2010.07.25"]
[Round "8"]
[White "Malakhov,V"]
[Black "Gao Rui"]
[Result "1-0"]
[WhiteElo "2721"]
[BlackElo "2464"]

1.e4 c5 2.Ne2 d6 3.Nbc3 Nf6 4.g3 Nc6 5.Bg2 g6 6.d4 cxd4 7.Nxd4 Bg7 8.Nde2 O-O
9.O-O Bd7 10.h3 Rb8 11.a4 a6 12.Be3 b5 13.axb5 axb5 14.Nd5 b4 15.Re1 Re8
16.Ra2 Be6 17.Nd4 Nxd4 18.Bxd4 Nxd5 19.exd5 Bxd4 20.Qxd4 Bf5 21.b3 Qb6 22.Qxb6 Rxb6
23.g4 Bc8 24.Bf1 e5 25.dxe6 Bxe6 26.Bd3 Kg7 27.Ra7 g5 28.Kh2 h6 29.Kg3 Kf6
30.f4 Reb8 31.Rf1 gxf4+ 32.Rxf4+ Kg7 33.Rd4 Kf6 34.Rf4+ Kg7 35.Kf2 R8b7 36.Ra5 Rc7
37.Ke3 Re7 38.Kd2 Rc7 39.h4 d5 40.Ke3 Re7 41.Kd4 Rc7 42.Ra1 Rb8 43.Rg1 Rh8
44.Ke5 Rb7 45.g5 hxg5 46.hxg5 Re8 47.Rh4 Rh8 48.Rxh8 Kxh8 49.Kf6 Rb6 50.Ra1 Rb8
51.g6 Kg8 52.Ra7 d4 53.Be4 d3 54.Bg2 Bf5 55.Rd7 Rb6+ 56.Ke5 Rb8 57.Rd6 Re8+
58.Kf6 Rb8 59.Rd4  1-0

[Event "7th CHN-RUS"]
[Site "Ningbo CHN"]
[Date "2010.08.07"]
[Round "3"]
[White "Malakhov,V"]
[Black "Bu Xiangzhi"]
[Result "0-1"]
[WhiteElo "2732"]
[BlackElo "2676"]

1.e4 c5 2.Nf3 d6 3.d4 cxd4 4.Nxd4 Nf6 5.Nc3 a6 6.Be2 e5 7.Nb3 Be7 8.O-O O-O
9.Re1 Be6 10.Bf3 Nc6 11.Nd5 Bxd5 12.exd5 Nb8 13.Bd2 a5 14.a4 Qc7 15.Re3 Nbd7
16.Rc3 Nc5 17.Be3 b6 18.Nxc5 bxc5 19.Rb3 Nd7 20.Rb5 f5 21.Bd2 Ra7 22.Qe1 Rfa8
23.Be2 Qd8 24.Ra3 Bg5 25.Bc3 e4 26.Bf1 Bf6 27.Bd2 Bd4 28.Rab3 Nf6 29.h3 h6
30.Rb7 Kh7 31.Bc4 Nh5 32.R3b6 Rxb7 33.Rxb7 Qh4 34.Bf1 Nf6 35.c3 Be5 36.g3 Qh5
37.c4 Re8 38.Be3 Qg6 39.Bg2 Nh5 40.Qd2 Rf8 41.Re7 f4 42.gxf4 Nxf4 43.Bxf4 Rxf4
44.Rxe5 dxe5 45.d6 Rf8 46.d7 Qg5 47.Qxg5 hxg5 48.Bxe4+ g6 49.Kg2 Kg7 50.Kg3 Kf6
51.Kg4 Rh8 52.Kg3 Ke7 53.Bc6 Rh4 54.b3 Rd4 55.f3 Rd2 56.h4 gxh4+ 57.Kxh4 Rb2
58.Kg5 Rxb3 59.f4 Rg3+  0-1

[Event "7th CHN-RUS"]
[Site "Ningbo CHN"]
[Date "2010.08.08"]
[Round "4"]
[White "Zhou Jianchao"]
[Black "Malakhov,V"]
[Result "1/2-1/2"]
[WhiteElo "2668"]
[BlackElo "2732"]

1.d4 d5 2.c4 c6 3.Nf3 Nf6 4.Nc3 a6 5.a4 e6 6.g3 dxc4 7.Bg2 Bb4 8.Ne5 Nd5
9.Bd2 b5 10.axb5 Bxc3 11.bxc3 cxb5 12.e4 Ne7 13.h4 O-O 14.h5 f6 15.Ng4 Bb7
16.h6 g6 17.Qe2 Nd7 18.O-O Qb6 19.Be3 Qc7 20.Bf4 Qb6 21.Be3 Qc7 22.Bf4 Qb6
23.Be3  1/2-1/2

[Event "7th CHN-RUS"]
[Site "Ningbo CHN"]
[Date "2010.08.09"]
[Round "5"]
[White "Ni Hua"]
[Black "Malakhov,V"]
[Result "1/2-1/2"]
[WhiteElo "2645"]
[BlackElo "2732"]

1.d4 d5 2.c4 c6 3.Nf3 Nf6 4.Nc3 a6 5.e3 b5 6.b3 Bg4 7.Be2 Nbd7 8.h3 Bf5 9.O-O e6
10.Bb2 Bd6 11.Nh4 Be4 12.Nxe4 dxe4 13.d5 cxd5 14.cxd5 Nxd5 15.Nf5 N7f6 16.Nxg7+ Ke7
17.f3 Qb6 18.Kh1 Qxe3 19.Bc1 Qc3 20.Bg5 exf3 21.Nf5+ exf5 22.Bxf3 Kd7 23.Bxd5 Qe5
24.Bc6+ Kxc6 25.Bf4 Qd5 26.Rc1+ Kd7 27.Bxd6 Qxd1 28.Rfxd1 Ke6 29.Bf4 Rhc8
30.Rd6+ Ke7 31.Re1+ Ne4 32.Rd5 Kf6 33.g4 Rc5 34.Rxc5 Nxc5 35.Re5 Nd3 36.Rxf5+ Kg6
37.Rg5+ Kf6 38.Rf5+ Kg6 39.Bg3 Re8 40.Rd5 Nc1 41.Rd2  1/2-1/2

[Event "7th CHN-RUS Rapid"]
[Site "Ningbo CHN"]
[Date "2010.08.14"]
[Round "16"]
[White "Wang Hao"]
[Black "Malakhov,V"]
[Result "1/2-1/2"]
[WhiteElo "2724"]
[BlackElo "2732"]

1.d4 d5 2.c4 c6 3.cxd5 cxd5 4.Nc3 Nf6 5.Nf3 Nc6 6.Bf4 e6 7.e3 Be7 8.Rc1 O-O
9.Bd3 Bd7 10.O-O Rc8 11.Ne5 Nxe5 12.Bxe5 Bc6 13.Qe2 Nd7 14.Bg3 a6 15.Rc2 Nb6
16.b3 g6 17.Rfc1 Ba3 18.Rd1 Be7 19.Rdc1 Ba3 20.Rd1 Be7 21.Rdc1  1/2-1/2

[Event "TCh-CHN"]
[Site "Guangzhou CHN"]
[Date "2010.10.14"]
[Round "14"]
[White "Malakhov,V"]
[Black "Ma Qun"]
[Result "1/2-1/2"]
[WhiteElo "2721"]
[BlackElo "2369"]

1.d4 d5 2.c4 c6 3.Nf3 Nf6 4.e3 Bf5 5.Nc3 e6 6.Nh4 Bg6 7.Nf3 Bf5 8.Nh4 Bg6
9.Be2 Nbd7 10.O-O Bd6 11.g3 O-O 12.Nxg6 hxg6 13.b3 e5 14.cxd5 Nxd5 15.Ne4 N7f6
16.Nxd6 Qxd6 17.Bf3 e4 18.Bg2 Rfe8 19.Bd2 g5 20.h3 Re7 21.Qe2 Rae8 22.Rae1 g6
23.g4 Kg7 24.Rb1 a6 25.b4 Nd7 26.f3 N7f6 27.Rb3 exf3 28.Qxf3 Ne4 29.Be1 f6
30.a4 Nec3 31.Bg3 Qxg3 32.Qxg3 Ne2+ 33.Kf2 Nxg3 34.Kxg3 Rxe3+ 35.Rf3 Re2
36.b5 axb5 37.axb5 Nf4 38.Bf1 Rd2 39.Rfe3 Rxe3+ 40.Rxe3 Nd5 41.Ra3 cxb5 42.Ra7 f5
43.Rxb7+ Kf6 44.Rxb5 Rxd4 45.Ra5 Ne3 46.Ra6+ Kg7 47.Be2 Rd2 48.Kf3 Nc2 49.Ra7+ Kf6
50.Ra6+ Kg7 51.Ra7+ Kh6 52.Bc4 Rd8 53.Ra6 Nd4+ 54.Kf2 Kg7 55.Ra7+ Kf6 56.Ra6+ Kg7
57.Ra7+ Kh6 58.Ra6 Rc8 59.Bd3 Rc6 60.Rxc6 Nxc6  1/2-1/2

[Event "TCh-CHN"]
[Site "Guangzhou CHN"]
[Date "2010.10.15"]
[Round "15"]
[White "Lou Yiping"]
[Black "Malakhov,V"]
[Result "0-1"]
[WhiteElo "2429"]
[BlackElo "2721"]

1.d4 c5 2.d5 d6 3.e4 Nf6 4.Bd3 g6 5.Nf3 Bg7 6.O-O O-O 7.Re1 e5 8.a4 Nbd7
9.g3 Ne8 10.Nh4 Nc7 11.Na3 b6 12.Nc4 Qe7 13.c3 Ba6 14.b4 Bxc4 15.Bxc4 f5
16.f3 Rf7 17.Ng2 Raf8 18.Ra2 f4 19.g4 h5 20.h3 hxg4 21.hxg4 Bf6 22.Kf1 Bh4
23.Nxh4 Qxh4 24.Rg2 Rh7 25.Ke2 Kg7 26.Reg1 g5 27.Qd3 Qh6 28.Bb5 Nxb5 29.Qxb5 Nf6
30.Rf2 Qg6 31.Kd1 cxb4 32.cxb4 Rc8 33.Bb2 Rh3 34.a5 Rc7 35.axb6 axb6 36.Re1 Qf7
37.Kd2 Rc8 38.Qxb6 Nxd5 39.Qxd6 Ne3 40.Qxe5+ Kh7 41.Rc1 Rxc1  0-1

[Event "TCh-CHN"]
[Site "Beijing CHN"]
[Date "2010.11.02"]
[Round "16"]
[White "Malakhov,V"]
[Black "Yu Shaoteng"]
[Result "1-0"]
[WhiteElo "2721"]
[BlackElo "2529"]

1.Nf3 Nf6 2.c4 e6 3.Nc3 d5 4.d4 Bb4 5.Qa4+ Nc6 6.Bg5 h6 7.Bxf6 Qxf6 8.e3 O-O
9.Be2 Bd7 10.Qb3 dxc4 11.Bxc4 Bd6 12.Be2 Qg6 13.O-O e5 14.d5 Na5 15.Qd1 e4
16.Nh4 Qh7 17.Qb1 Rae8 18.f3 g5 19.Nxe4 Be7 20.b4 gxh4 21.bxa5 f5 22.d6 cxd6
23.Qxb7 Be6 24.Nd2 Bf6 25.Qxh7+ Kxh7 26.Rad1 Bxa2 27.Bc4 Bxc4 28.Nxc4 Rc8
29.Nxd6 Rc5 30.Nb7 Rc7 31.a6 Rc6 32.Rd5 Rxa6 33.Rxf5 Rg8 34.h3 Bc3 35.Rc1 Bd2
36.Rc7+ Kh8 37.Re7 Ra1+ 38.Kf2 Ra2 39.Kf1 Rxg2 40.Kxg2 Bb4+ 41.Kf1 Bxe7 42.e4 Kg7
43.Ra5 Rh2 44.Rxa7 Rxh3 45.Nd8 Kf8 46.Ne6+ Kf7 47.Nd4 Kf6 48.Rxe7 Kxe7 49.Nf5+ Kf6
50.Kg2 Rxf3 51.Kxf3 h3 52.Nxh6  1-0

[Event "TCh-CHN"]
[Site "Beijing CHN"]
[Date "2010.11.03"]
[Round "17"]
[White "Malakhov,V"]
[Black "Gao Rui"]
[Result "1-0"]
[WhiteElo "2721"]
[BlackElo "2464"]

1.d4 Nf6 2.Nf3 g6 3.c4 Bg7 4.g3 O-O 5.Bg2 c5 6.O-O cxd4 7.Nxd4 d5 8.Na3 e5
9.Nf3 e4 10.Nd4 Nc6 11.Nxc6 bxc6 12.Be3 Re8 13.Bd4 Be6 14.Qa4 Qd7 15.Rfd1 Qb7
16.Rac1 Rab8 17.b3 a5 18.cxd5 cxd5 19.Nc2 Qa6 20.Bf1 Bg4 21.Bxf6 Qxf6 22.Ne3 Be6
23.Nxd5 Bxd5 24.Rxd5 e3 25.f4 Qb2 26.Rdc5 Bf8 27.R5c2 Qa3 28.Qc6 Bb4 29.Bg2 Bd2
30.Rf1 Rbc8 31.Qxc8 Rxc8 32.Rxc8+ Kg7 33.f5 Qxa2 34.f6+ Kh6 35.Bd5 Bb4 36.Bc4 Bd6
37.Rd8 Be5 38.Rd7 a4 39.Rxf7 axb3 40.Rb7 Qc2 41.Bd3 Qc6 42.f7 Bg7 43.Rb8 b2
44.Rg8  1-0

[Event "TCh-CHN"]
[Site "Beijing CHN"]
[Date "2010.11.04"]
[Round "18"]
[White "Malakhov,V"]
[Black "Li Chao2"]
[Result "1/2-1/2"]
[WhiteElo "2721"]
[BlackElo "2613"]

1.Nf3 Nf6 2.c4 g6 3.b3 Bg7 4.Bb2 O-O 5.g3 c6 6.Bg2 d5 7.O-O a5 8.d4 Ne4 9.Nc3 Bf5
10.e3 Nxc3 11.Bxc3 Be4 12.Qe2 a4 13.Qb2 Nd7 14.Rfc1 Qb6 15.c5 Qc7 16.b4 b5
17.cxb6 Nxb6 18.Qe2 a3 19.Nd2 Bxg2 20.Kxg2 Na4 21.Nb3 e5 22.Qc2 Rfc8 23.Rab1 Rab8
24.Na5 Nxc3 25.Qxc3 exd4 26.exd4 c5 27.bxc5 Rb2 28.Rxb2 axb2 29.Rb1 Bxd4
30.Qxd4 Qxa5 31.Rxb2 Qxc5 32.Qxc5 Rxc5 33.a4 d4 34.Kf3 Rc3+ 35.Ke4 Ra3 36.Rb4 d3
37.Ke3 Kg7 38.h4 h5 39.Rf4 Kf8 40.f3 Kg7 41.g4 hxg4 42.fxg4 g5 43.hxg5 Kg6
44.Rf6+  1/2-1/2

[Event "63rd ch-RUS"]
[Site "Moscow RUS"]
[Date "2010.12.13"]
[Round "3"]
[White "Malakhov,V"]
[Black "Potkin,V"]
[Result "1/2-1/2"]
[WhiteElo "2712"]
[BlackElo "2646"]

1.c4 e6 2.Nf3 d5 3.b3 Nf6 4.g3 Be7 5.Bg2 O-O 6.O-O b6 7.Bb2 Bb7 8.e3 c5 9.Nc3 Nbd7
10.Qe2 Qc7 11.Rac1 Rac8 12.Nh4 dxc4 13.bxc4 Bxg2 14.Nxg2 Qc6 15.f4 Ne4 16.Nb5 Ra8
17.Qf3 Rfc8 18.f5 Bf6 19.Bxf6 Ndxf6 20.d3 a6 21.Na3 Nd6 22.e4 Nd7 23.Qf4 exf5
24.e5 Nb7 25.Qxf5 Qe6 26.Qxe6 fxe6 27.Nf4 Re8 28.Nc2 Na5 29.Rcd1 Nxe5 30.Rde1 Nac6
31.Re3 g5 32.Nh5 Rf8 33.Rb1 Rab8 34.a4 Rfd8 35.Nf6+ Kg7 36.Ne4 h6 37.Nf2 Rf8
38.Re2 Rfd8 39.Re3 Rf8 40.Re2 a5 41.Kg2 Rf7 42.h3 Kf8 43.Re3 Ke7 44.Re2 Nf3
45.Re3 Nfe5 46.Re2 Kd6 47.Na3 Kd7 48.Nb5 Rbf8 49.Rbb2 Nb4 50.Re3 Nf3 51.Ng4 h5
52.Rxf3 hxg4 53.Rxf7+ Rxf7 54.hxg4 e5 55.Nc3 Kc6 56.Ne4 Nxd3 57.Re2 Rg7 58.Kf3 Nb4
59.Rh2 Rf7+ 60.Ke3 Rd7 61.Rd2 Rd4 62.Nxg5 Rxc4 63.Nf7 Nd5+ 64.Kf2 Rd4 65.Nxe5+ Kd6
66.Rxd4 cxd4 67.Nf3 Nc3 68.Nxd4 Nxa4 69.g5 Nc5 70.g6 Ne6 71.Ke1 Ke5 72.Nb5 Kf6
73.Nd6 a4 74.Kd2 Kxg6 75.Kc3 Nc7 76.Kb4 b5 77.Nxb5 Nxb5 78.Kxa4  1/2-1/2

[Event "63rd ch-RUS"]
[Site "Moscow RUS"]
[Date "2010.12.14"]
[Round "4"]
[White "Zvjaginsev,V"]
[Black "Malakhov,V"]
[Result "1/2-1/2"]
[WhiteElo "2676"]
[BlackElo "2712"]

1.e4 c5 2.Nf3 Nc6 3.d4 cxd4 4.Nxd4 g6 5.c4 Nf6 6.Nc3 d6 7.Be2 Nxd4 8.Qxd4 Bg7
9.Bg5 O-O 10.Qd2 Be6 11.Rc1 Qa5 12.f3 Rfc8 13.b3 a6 14.Na4 Qxd2+ 15.Kxd2 Rc6
16.Nc3 Rcc8 17.Na4 Rc6 18.Nc3 Rcc8 19.Na4  1/2-1/2

[Event "63rd ch-RUS"]
[Site "Moscow RUS"]
[Date "2010.12.15"]
[Round "5"]
[White "Malakhov,V"]
[Black "Nepomniachtchi,I"]
[Result "1/2-1/2"]
[WhiteElo "2712"]
[BlackElo "2720"]

1.e4 c5 2.Nf3 d6 3.d4 cxd4 4.Qxd4 Nc6 5.Bb5 Bd7 6.Qd3 g6 7.O-O Bg7 8.c4 Nf6
9.Nc3 O-O 10.h3 a6 11.Bxc6 Bxc6 12.Be3 Nd7 13.Nd4 Rc8 14.Rac1 Nc5 15.Qc2 Ne6
16.Rfd1 Nxd4 17.Bxd4 Bh6 18.Rb1 b5 19.cxb5 axb5 20.Qe2 Qd7 21.b4 Qb7 22.a4 bxa4
23.b5 Bd7 24.Nxa4 Bg7 25.Bxg7 Kxg7 26.e5 Bf5 27.Rbc1 Qa7 28.Nc3 Qa3 29.exd6 exd6
30.Qd2 Qb4 31.Qxd6 Qxd6 32.Rxd6 Rc5 33.Rc6 Rc8 34.Rxc8 Rxc8 35.Ne2 Rb8 36.Nd4 Bd7
37.Kh2 Rb6 38.Kg3 Kf8 39.Rb1 Ke7 40.Kf4 Kd6 41.Kg5 h5 42.Nf3 Ke7 43.Nd4 Kd6
44.h4 Kc5 45.Nc6 Be6 46.f3 Bc4 47.Nd8 Rb8 48.Nc6 Rb6 49.Kh6 Bxb5 50.Nd8 Rf6
51.Kg7 Rf4 52.Nxf7 Rxh4 53.Kxg6 Rh2 54.Rg1 Kd4 55.Ng5 Ke3 56.Nh3 Bd7 57.Kg5 Bc6
58.Nf4 Bxf3 59.gxf3 Kxf3 60.Ra1 h4 61.Kf5 Ke3 62.Ra3+ Kd4 63.Rf3 Rh1 64.Nh3 Re1
65.Kg4 Re4+ 66.Nf4 Re3 67.Rf1 Ke4 68.Nh3 Rg3+ 69.Kxh4 Rg2 70.Nf2+ Kd4 71.Ng4 Ra2
72.Kg5 Ra8 73.Kf5 Rf8+ 74.Nf6 Rh8 75.Rd1+ Ke3 76.Ng4+ Ke2 77.Rd7 Re8 78.Ra7 Rb8
79.Ra4 Re8 80.Ne5 Rf8+ 81.Ke4 Re8 82.Ra2+ Kf1 83.Rb2 Rf8 84.Nd3 Re8+ 85.Ne5 Rf8
86.Nd7 Rf7 87.Nc5 Rf8 88.Ke3 Ra8 89.Rf2+ Kg1 90.Ne4 Ra3+ 91.Kf4 Ra8 92.Rb2 Rf8+
93.Ke3 Ra8 94.Rc2 Ra3+ 95.Nc3 Ra8 96.Nd5 Kf1 97.Nc3 Kg1 98.Ne4 Ra3+ 99.Kf4 Ra8
100.Nd6 Rf8+ 101.Ke3 Kf1 102.Ne4 Ra8 103.Ng3+ Kg1 104.Nf5 Rf8 105.Ke4 Kf1
106.Ne3+ Ke1 107.Ng2+ Kd1 108.Ne3+  1/2-1/2

[Event "63rd ch-RUS"]
[Site "Moscow RUS"]
[Date "2010.12.18"]
[Round "7"]
[White "Malakhov,V"]
[Black "Grischuk,A"]
[Result "0-1"]
[WhiteElo "2712"]
[BlackElo "2771"]

1.d4 Nf6 2.c4 g6 3.Nc3 Bg7 4.e4 O-O 5.Bd3 d6 6.Nge2 c5 7.d5 e6 8.h3 exd5
9.exd5 Nfd7 10.f4 f5 11.O-O Re8 12.Bd2 Na6 13.Re1 Nf6 14.Ng3 Rxe1+ 15.Bxe1 Bd7
16.a3 Kh8 17.Bf2 Rc8 18.Qb3 Rb8 19.Re1 b6 20.Nf1 Nc7 21.Nd2 a6 22.a4 Nh5
23.g3 Be8 24.Nf3 h6 25.Qc2 Bf7 26.Qe2 Bf6 27.Qd2 Qd7 28.b3 Re8 29.Rxe8+ Bxe8
30.Ne2 b5 31.axb5 axb5 32.Qa5 b4 33.Nh2 Ng7 34.g4 Qe7 35.Nf3 Qd7 36.g5 Bd8
37.gxh6 Nh5 38.Qa7 Kh7 39.Bh4 Bxh4 40.Nxh4 Qe7 41.Ng2 Nxd5 42.Qxe7+ Nxe7
43.Kf2 Bc6 44.Ng3 Nxg3 45.Kxg3 Be4 46.Bxe4 fxe4 47.Kf2 Nf5 48.Ne3 Nd4 49.Ng4 Nxb3
50.Nf6+ Kxh6 51.Nxe4 Na5 52.Nxd6 b3 53.Ne4 Nxc4 54.Nc3 Na3 55.Na4 c4 56.Ke3 Nb5  0-1

[Event "63rd ch-RUS"]
[Site "Moscow RUS"]
[Date "2010.12.19"]
[Round "8"]
[White "Vitiugov,N"]
[Black "Malakhov,V"]
[Result "0-1"]
[WhiteElo "2709"]
[BlackElo "2712"]

1.d4 d5 2.c4 c6 3.Nf3 Nf6 4.Nc3 a6 5.e3 b5 6.c5 g6 7.Ne5 Bg7 8.f4 O-O 9.Be2 Qc7
10.O-O a5 11.a3 Ne4 12.Nxe4 dxe4 13.a4 b4 14.Qc2 f5 15.Qb3+ e6 16.Bc4 Qe7
17.g4 Bxe5 18.fxe5 Na6 19.Qd1 Nc7 20.b3 Qg5 21.Ra2 Qxg4+ 22.Qxg4 fxg4 23.Rxf8+ Kxf8
24.Rg2 h5 25.h3 g5 26.hxg4 h4 27.Bd2 Ba6 28.Be1 Kg7 29.Rc2 Rf8 30.Rb2 Rf3
31.Bf2 Kf7 32.Kg2 Ke7 33.Rb1 Kd7 34.Rc1 Kc8 35.Rb1 Kb7 36.Rh1 Ka7 37.Re1 Nd5
38.Bxd5 exd5 39.e6 Rf6 40.Bg1 Rxe6 41.Bh2 Re7  0-1

[Event "63rd ch-RUS"]
[Site "Moscow RUS"]
[Date "2010.12.22"]
[Round "11"]
[White "Malakhov,V"]
[Black "Karjakin,Sergey"]
[Result "1-0"]
[WhiteElo "2712"]
[BlackElo "2760"]

1.d4 Nf6 2.c4 e6 3.Nc3 Bb4 4.Qc2 O-O 5.a3 Bxc3+ 6.Qxc3 d5 7.Bg5 c5 8.dxc5 d4
9.Qc2 e5 10.e3 h6 11.Bh4 Re8 12.O-O-O Nc6 13.Nf3 b6 14.exd4 exd4 15.cxb6 axb6
16.Bd3 Qd6 17.Kb1 Bg4 18.h3 Bxf3 19.gxf3 Ne5 20.Bg3 Qc6 21.Be4 Nxe4 22.Qxe4 Qxe4+
23.fxe4 Nxc4 24.Rxd4 Rxe4 25.Rhd1 Rxd4 26.Rxd4 Nxa3+ 27.bxa3 Rxa3 28.h4 Rf3
29.Kc2 Rf5 30.Kd3 b5 31.Ke4 Rc5 32.Rd5 Rc4+ 33.Kd3 Rb4 34.Kc3 Rb1 35.Kc2 Rb4
36.Rf5 f6 37.Kc3 Rb1 38.Rf4 Kf7 39.Rb4 Rc1+ 40.Kd4 Rd1+ 41.Ke4 Ra1 42.Rxb5 Ra4+
43.Kd5 Ra6 44.Rb7+ Kg8 45.Ke4 Ra5 46.Rd7 Kh7 47.Rd5 Ra4+ 48.Kf3 Kg6 49.h5+ Kf7
50.Rd7+ Kg8 51.Bf4 Kh7 52.Rc7 Ra5 53.Kg4 Ra2 54.Be3 Ra4+ 55.f4 Ra1 56.Bd4 Ra6
57.Bc5 Kg8 58.Kf5 Ra2 59.Rc8+ Kh7 60.Bf8 Kg8 61.Be7+ Kh7 62.Ke6 Ra4 63.Kf7 Ra7
64.Rc2 Ra4 65.Rg2 Rxf4 66.Rxg7+ Kh8 67.Rg6  1-0

[Event "World Blitz Qualifier"]
[Site "Moscow RUS"]
[Date "2011.02.17"]
[Round "2.1"]
[White "Malakhov,V"]
[Black "Shimanov,A"]
[Result "1-0"]
[WhiteElo "2714"]
[BlackElo "2520"]

1.c4 g6 2.Nc3 Bg7 3.g3 e5 4.Bg2 Nc6 5.Nf3 f5 6.O-O Nf6 7.Rb1 a5 8.d3 O-O
9.a3 d6 10.b4 axb4 11.axb4 h6 12.b5 Ne7 13.Bb2 g5 14.Nd2 Rb8 15.Ba3 b6 16.e3 g4
17.f4 gxf3 18.Nxf3 Ng6 19.Qe2 f4 20.Nd2 Ng4 21.Nd5 h5 22.Be4 Bf5 23.h3 Nh6
24.Qxh5 Qd7 25.Bxf5 Qxf5 26.Qxf5 Nxf5 27.gxf4 exf4 28.exf4 Bd4+ 29.Kh2 Ra8
30.Rb3 Ne3 31.Nxe3 Bxe3 32.Ne4 Bxf4+ 33.Kh1 Ne5 34.Bb2 Ra2 35.Rg1+ Kh7 36.Rg2 Bh6
37.Re2 Nd7 38.Ra3 Rxa3 39.Bxa3 Ne5 40.Nf2 Bg5 41.Bb2 Bf6 42.Bxe5 Bxe5 43.Kg2 Rg8+
44.Ng4 Rg5 45.Kf3 Rf5+ 46.Ke4 Rf4+ 47.Kd5 Rd4+ 48.Kc6 Rxd3 49.Nxe5 dxe5 50.Kxc7 Rc3
51.Rxe5 Rxc4+ 52.Kxb6  1-0

[Event "ch-RUS Rapid"]
[Site "Olginka RUS"]
[Date "2011.04.25"]
[Round "2"]
[White "Malakhov,V"]
[Black "Savchenko,B"]
[Result "1-0"]
[WhiteElo "2714"]
[BlackElo "2616"]

1.c4 e5 2.g3 Nf6 3.Bg2 d5 4.cxd5 Nxd5 5.Nf3 Nc6 6.O-O Be7 7.d4 e4 8.Ne5 f5
9.Nxc6 bxc6 10.Qa4 Qd7 11.Nc3 O-O 12.Bd2 Nb6 13.Qb3+ Kh8 14.Bf4 Ba6 15.Rfd1 Nd5
16.Nxd5 cxd5 17.Bf1 Rab8 18.Qc3 Bd6 19.Bxd6 cxd6 20.Rac1 f4 21.Qc6 Qf5 22.Qxa6 fxg3
23.fxg3 Rxb2 24.Qxd6 Qf2+ 25.Kh1 Rb6 26.Rc6 Rb2 27.Rdc1 h5 28.Qxf8+ Qxf8
29.Rc8 Qxc8 30.Rxc8+ Kh7 31.Rc5 Rxa2 32.Rxd5 a5 33.Kg1 Kg6 34.Kf2  1-0